000 00845nam a22002057a 4500
003 0
005 20250219154715.0
008 250219b xxu||||| |||| 00| 0 eng d
050 _aHG 4026
_bR34 2023
100 _aRafols, Krishna Ysabelle I.
245 _aCash management practices of selected micro enterprises in Barangay Marcelo Green, Paranaque City
_cKrishna Ysabelle I. Rafols
260 _aLas Pinas City
_bSouthville International School and Colleges
_cc2023
300 _avii, 82 pages ;
_c28cm.
500 _aBachelor of Science in Accountancy.
504 _aIncludes bibliographical references and appendices.
650 _aCash management—Philippines—Parañaque City.
650 _aMicroenterprises—Management—Philippines—Parañaque City.
650 _aSmall business—Finance—Philippines.
942 _2lcc
_cTH
999 _c367250
_d367250